000 00362nam a2200145Ia 4500
008 150301s2015 xx 000 0 und d
082 _a615.19
_bC08C
100 _aS. J CARTER
245 _aCOOPER AND GUNN'S DISPENSING FOR PHARMACEUTICAL STUDENTS
250 _a12TH
260 _bCBS- DELHI
300 _a759
650 _aPHARMACEUTICS
942 _2ddc
_cBK
_013
999 _c7146
_d7146